| 000 | 00344nam a22001217a 4500 | ||
|---|---|---|---|
| 082 | _a220 PRO | ||
| 100 |
_aMurtaza Sabeeh _973015 |
||
| 245 | _aPR-SOF-1897-GSM Based Smart Energy Meter Billing using Arduino | ||
| 260 |
_aISLAMABAD _bNUST COLLEGE OF EME _c2020 |
||
| 650 | _aDE-COMP-38 | ||
| 700 |
_aDr. Shahzad Amin Sheikh _918620 |
||
| 942 | _cCR | ||
| 999 |
_c578916 _d578916 |
||